Zwyciężczynie turniejów wielkoszlemowych 1981-1990 - zdjęcia. - Statystyki

Ogólne statystyki
  • Ten quiz został rozwiązany 7 razy
  • Średni wynik to 6 z 8
Statystyki odpowiedzi
Obrazkowy Odpowiedź % Poprawnych
Arantxa Sanchez Vicario
100%
Martina Navratilova
100%
Monica Seles
100%
Steffi Graf
83%
Chris Evert
67%
Gabriela Sabatini
67%
Tracy Austin
50%
Hana Mandlikova
17%
Nie znaleziono quizów pasujących do podanych kryteriów
Rozkład punktacji
Procent ludzi z każdym wynikiem
Percentyl według liczby udzielonych odpowiedzi
Twoja historia wyników
Nie rozwiązałeś tego quizu